UBT Library

Human physiology / (Record no. 39050)

000 -LEADER
fixed length control field 00645cam a2200241 a 4500
001 - CONTROL NUMBER
control field 16142971
005 - DATE AND TIME OF LATEST TRANSACTION
control field 20171215092748.0
008 - FIXED-LENGTH DATA ELEMENTS--GENERAL INFORMATION
fixed length control field 100318s2011 nyua 001 0 eng
010 ## - LIBRARY OF CONGRESS CONTROL NUMBER
LC control number 2010010420
020 ## - INTERNATIONAL STANDARD BOOK NUMBER
International Standard Book Number 9780073378114 (hard copy : alk. paper)
020 ## - INTERNATIONAL STANDARD BOOK NUMBER
International Standard Book Number 0073378119 (hard copy : alk. paper)
040 ## - CATALOGING SOURCE
Original cataloging agency DLC
Transcribing agency DLC
Modifying agency DLC
041 ## - LANGUAGE CODE
Language code of text/sound track or separate title eng
042 ## - AUTHENTICATION CODE
Authentication code pcc
080 ## - UNIVERSAL DECIMAL CLASSIFICATION NUMBER
Universal Decimal Classification number 612 FOX
082 00 - DEWEY DECIMAL CLASSIFICATION NUMBER
Classification number 612 FOX
Edition number 22
100 1# - Rafti
Rafti 7
101 ## - Shkurtesa
Shkurtesa ANA
245 10 - TITLE STATEMENT
Title Human physiology /
Statement of responsibility, etc Stuart Ira Fox.
906 ## - LOCAL DATA ELEMENT F, LDF (RLIN)
a 7
b cbc
c orignew
d 1
e ecip
f 20
g y-gencatlg
942 ## - ADDED ENTRY ELEMENTS (KOHA)
Source of classification or shelving scheme
Item type Books
Holdings
Withdrawn status Lost status Source of classification or shelving scheme Damaged status Not for loan Permanent location Current location Date acquired Total Checkouts Full call number Barcode Date last seen Price effective from Koha item type
          UBT - Lipjan UBT - Lipjan 12/15/2017   612 FOX 002-2939421 12/15/2017 12/15/2017 Books
          UBT - Lipjan UBT - Lipjan 12/15/2017   612 FOX 002-29416 12/15/2017 12/15/2017 Books
          UBT - Lipjan UBT - Lipjan 12/15/2017   612 FOX 002-29411 12/15/2017 12/15/2017 Books
          UBT - Lipjan UBT - Lipjan 12/15/2017   612 FOX 002-29406 12/15/2017 12/15/2017 Books
          UBT - Lipjan UBT - Lipjan 12/15/2017   612 FOX 002-2939455 12/15/2017 12/15/2017 Books
          UBT - Lipjan UBT - Lipjan 12/15/2017   612 FOX 002-2939450 12/15/2017 12/15/2017 Books
          UBT - Lipjan UBT - Lipjan 12/15/2017   612 FOX 002-2939445 12/15/2017 12/15/2017 Books
          UBT - Lipjan UBT - Lipjan 12/15/2017   612 FOX 002-2939440 12/15/2017 12/15/2017 Books
          UBT - Lipjan UBT - Lipjan 12/15/2017   612 FOX 002-2939435 12/15/2017 12/15/2017 Books
          UBT - Lipjan UBT - Lipjan 12/15/2017   612 FOX 002-2939430 12/15/2017 12/15/2017 Books
UBT Library © 2015-2024. All rights reserved University Education for Business and Technology